Uhádneš, kto som? /

Hlavní autor: Jaňák, Jozef, 1947-
Jazyk: Slovenština
Vydáno: Bratislava : Mladé letá, 1976
Vydání: 1. vyd.
Fyzický popis: 1 sv. : il.
Knihy
Uloženo v:
LEADER 00605nam a22002052a 4500
001 001225248
003 CZ BrMZK
005 20120621145302.0
007 ta
008 120621s1976 xo a er|||||||||||slo d
040 |a BOA001  |b cze 
100 1 |a Jaňák, Jozef,  |d 1947-  |7 mzk2004226314  |4 ill 
245 1 0 |a Uhádneš, kto som? /  |c ilustroval Jozef Jaňák 
250 |a 1. vyd. 
260 |a Bratislava :  |b Mladé letá,  |c 1976 
300 |a 1 sv. :  |b il. 
910 |a BOA001  |b 2-0760.264 
990 |a BK 
991 |b 201206 
996 7 |b 2619528306  |c 2-0760.264  |l MZK  |r Sklad / do 1 hodiny  |n 0  |w 001259170  |u 000010  |a 1  |e BOA001  |j MZK50  |s A